Los rituales de la patria en una escuela caribeña costarricense /

Este artículo trata los eventos educativos dedicados a las conmemoraciones patrias en una escuela del Caribe Costarricense. En un contexto de un poblado liniero con una configuración pluricultural, la escuela se interpreta como un campo donde se ponen en juego las fuerzas de la homogenización y las...

Full beskrivning

Sparad:
Bibliografiska uppgifter
Huvudupphovsman: Hernández Cruz, Omar (Autor)
Materialtyp: Bok
Språk:Spanish
Ämnen:
Taggar: Lägg till en tagg
Inga taggar, Lägg till första taggen!

MARC

LEADER 00000nam a22000007a 4500
003 cru IIS
005 20231020062603.0
008 210809b |||||||| |||| 00| 0 spa d
040 |c cru IIS 
100 |9 10061  |a Hernández Cruz, Omar  |e Autor 
245 1 4 |a Los rituales de la patria en una escuela caribeña costarricense /  |c Omar Hernández Cruz 
300 |a páginas 79-112 
500 |a Colección Centroamérica 
520 |a Este artículo trata los eventos educativos dedicados a las conmemoraciones patrias en una escuela del Caribe Costarricense. En un contexto de un poblado liniero con una configuración pluricultural, la escuela se interpreta como un campo donde se ponen en juego las fuerzas de la homogenización y las fuerzas de las identidades múltiples. DOC/WMV. 
650 0 |9 2122  |a DESARROLLO SOCIAL 
650 0 |9 3534  |a ESCUELAS PRIMARIAS  
650 0 |9 3601  |a PRÁCTICA PEDAGÓGICA 
650 0 |9 4130  |a PARTICIPACIÓN ESTUDIANTIL  
650 0 |a PROMOCION CULTURAL   |9 3306 
650 0 |9 1427  |a DESARROLLO DE LA PERSONALIDAD 
651 0 |9 32  |a COSTA RICA 
773 0 |0 18765  |9 5844  |a Universidad de Costa Rica.  |d San José, Costa Rica: Editorial Universidad de Costa Rica, 1974-  |o 21439  |t Anuario de Estudios Centroamericanos /  |x 03777316 
942 |2 ddc  |c PP 
999 |c 43818  |d 43818